00822nam a2200181 a 450000100100000000500170001000800410002702000150006804000250008311100950010824501260020326000590032930000440038870000420043270000440047495201050051899900170062300004385620201002045017.0140507s2003 dr acd 000 0 spa d a8460791750 aDO-SdBNPbspacBNPHU2 aForo Eurolatinoamericano de Comunicaciónn(8:d2002 : 11-14 nov.cSanto Domingo )97172310aCrisis y oportunidades en América Latina /cprólogo Miguel Ángel Aguilar ; editado por Javier Fernández Arribas,. aMadrid :bAsociación de Periodistas Europeos,c2003. a270 p. :bil.,gráf., retrs. ;c24 cm.12aAguilar, guel Ángelepról.97172412aFernández Arribas, Javiereed.970667 0010718PDaGRbGRcCTd2014-05-07iLF1l0o p43856-10r2020-06-25w2020-06-25yLFPDZNo se presta c43345d43345